[Event "PRAGUE OPEN 2019 - A - IM open"]
[Site "Praha, Olympik hotel"]
[Date "2019.01.18"]
[Round "9"]
[White "Qiu, Mengjie"]
[Black "Moreto Quintana, Alex"]
[Result "1-0"]
[BlackElo "2101"]
[WhiteElo "2247"]
[LiveChessVersion "1.4.8"]

1. e4  c5  2. Nf3  d6
 3. Bb5+  Bd7  4. Bxd7+
 Qxd7  5. c4  Nc6
 6. d4  cxd4  7. Nxd4
 Nf6  8. Nc3  Nxd4
 9. Qxd4  g6  10. f3
 Bg7  11. Be3  O-O
 12. Qd3  Rfc8  13. Rc1
 a6  14. O-O  b5 
15. cxb5  axb5  16. Qxb5  Qxb5
 17. Nxb5  Rcb8  18. Na7
 Rxb2  19. Rf2  Rxf2
 20. Kxf2  e6  21. a4
 d5  22. a5  dxe4
 23. Rc8+  Rxc8  24. Nxc8
 Nd5  25. a6  Nc7
 26. a7  exf3  27. Kxf3
 Na8  28. Nb6  Nc7
 29. Ke4  f5+  30. Kd3
 Be5  31. h3  Kf7
 32. Kc4  Bd6  33. Bc5
 Bg3  34. Be3  Bd6
 35. Bg5  Ke8  36. a8=Q+ Nxa8
 37. Nxa8  Kf7  38. Nb6
 Kg7  39. Nc8  Bg3
 40. Ne7  h6  41. Bd2
 g5  42. Bc3+  Kf7
 43. Nc6  h5  44. Kd3
 Kg6  45. Ke3  Bf4+
 46. Kf3  h4  47. Ne5+
 Kh5  48. Nd3  Bc7
 49. Be5  Bb6  50. Bd6
 Kg6  51. Ne5+  Kh5
 52. Be7  Ba5  53. Ke3
 Bb6+  54. Kd3  Ba7
 55. Nc6  Bf2  56. Nd4
 Kg6  57. Nf3  g4
 58. Ne5+  Kh5  59. Ke2
 Bd4  60. Nd3  e5
 61. Bf6  gxh3  62. gxh3
 Bb6  63. Bxe5  Bd8
 64. Nf4+  Kh6  65. Kf3
 Be7  66. Nd5  Kh5
 67. Bf6  Bc5  68. Nf4+
 Kh6  69. Bxh4  Bb4
 70. Nd5  Bd2  71. Ne7
 Bc1  72. Nxf5+  Kg6
 73. Kg4  Bd2  74. Bf2
 Bg5  75. Bc5  Bf6
 76. Be7  Bc3  77. h4
 Kf7  78. Bc5  Bf6
 79. h5  Bd8  80. Bd4
 Ba5  81. Nd6+  Kg8
 82. Ne4  Kh7  83. Kg5
 Bd8+  84. Nf6+  Kg7
 85. h6+  Kf7  86. Kf5
 Be7  87. Ne4  Bf8
 88. h7  Bg7  89. Ng5+
 Kf8  90. Ne6+  1-0

[Event "PRAGUE OPEN 2019 - A - IM open"]
[Site "Praha, Olympik hotel"]
[Date "2019.01.18"]
[Round "9"]
[White "Hradecky, Ivo"]
[Black "Mis, Mieszko"]
[Result "0-1"]
[WhiteElo "2107"]
[BlackElo "2242"]
[PlyCount "52"]
[EventDate "2019.01.11"]

1. d4 Nf6 2. c4 g6 3. Nc3 d5 4. cxd5 Nxd5 5. e4 Nxc3 6. bxc3 Bg7 7. Qa4+ Nd7 8.
Nf3 O-O 9. Be2 c5 10. O-O a6 11. Bg5 b5 12. Qb3 Bb7 13. d5 Nf6 14. Qc2 Qb6 15.
a4 e6 16. c4 exd5 17. exd5 b4 18. Nd2 Rae8 19. Bd3 Ng4 20. Rad1 Bc8 21. Bf4 Ne5
22. Nb3 Qd6 23. Kh1 Bd7 24. Qa2 h6 25. h3 Qf6 26. Be3 Bxh3 0-1

[Event "PRAGUE OPEN 2019 - A - IM open"]
[Site "Praha, Olympik hotel"]
[Date "2019.01.18"]
[Round "9"]
[White "Neuman, Petr"]
[Black "Mulenko, Alexander"]
[Result "1-0"]
[WhiteElo "2428"]
[BlackElo "2090"]
[PlyCount "77"]
[EventDate "2019.01.11"]

1. e4 Nf6 2. e5 Nd5 3. d4 d6 4. c4 Nb6 5. f4 Bf5 6. Nc3 dxe5 7. fxe5 e6 8. Nf3
Bb4 9. Be3 c5 10. Qb3 Nc6 11. dxc5 Nd7 12. O-O-O Bxc3 13. Qxc3 Qc7 14. Rd6
O-O-O 15. Be2 Bg4 16. b4 Bxf3 17. gxf3 Ncxe5 18. Rhd1 Rhe8 19. f4 Nc6 20. b5
Ne7 21. b6 axb6 22. cxb6 Qb8 23. c5 Nf6 24. Qe5 Rxd6 25. Rxd6 Nf5 26. Bb5 Nxd6
27. cxd6 Nd7 28. Qc3+ Kd8 29. Qc7+ Qxc7+ 30. dxc7+ Kc8 31. a4 e5 32. a5 exf4
33. Bd4 Re4 34. a6 Rxd4 35. Bxd7+ Kxd7 36. axb7 Rc4+ 37. Kd1 Rxc7 38. b8=Q Rc6
39. Qa7+ 1-0

[Event "PRAGUE OPEN 2019 - A - IM open"]
[Site "Praha, Olympik hotel"]
[Date "2019.01.18"]
[Round "9"]
[White "Pushkov, Nikolai"]
[Black "Pniaczek, Marek"]
[Result "1-0"]
[WhiteElo "2309"]
[BlackElo "2146"]
[PlyCount "81"]
[EventDate "2019.01.11"]

1. Nf3 d5 2. d4 Nf6 3. c4 dxc4 4. e3 a6 5. Bxc4 e6 6. O-O c5 7. Qe2 Nc6 8. Rd1
Qc7 9. a3 b5 10. Bd3 Bb7 11. Nc3 Bd6 12. dxc5 Bxc5 13. b4 Bd6 14. Bb2 O-O 15.
Rac1 Rac8 16. Ne4 Nd5 17. Ne5 f6 18. Nxc6 Bxc6 19. Nc5 Bxc5 20. Rxc5 Qb7 21.
Rdc1 f5 22. Be5 Nb6 23. Qc2 Bxg2 24. Rc7 Rxc7 25. Qxc7 Rc8 26. Qxg7+ Qxg7 27.
Rxc8+ Nxc8 28. Bxg7 Kxg7 29. Kxg2 Nd6 30. f4 Kf6 31. Kf3 e5 32. e4 fxe4+ 33.
Bxe4 exf4 34. Bxh7 Ke5 35. h4 Nc4 36. h5 Nxa3 37. Bd3 Kf6 38. Kxf4 Kg7 39. Kg5
Kh8 40. h6 Kg8 41. Kf4 1-0

[Event "PRAGUE OPEN 2019 - A - IM open"]
[Site "Praha, Olympik hotel"]
[Date "2019.01.18"]
[Round "9"]
[White "Bednar, Marcel"]
[Black "Svrcek, Martin"]
[Result "1-0"]
[WhiteElo "2268"]
[BlackElo "2111"]
[PlyCount "59"]
[EventDate "2019.01.11"]

1. d4 e6 2. c4 Nf6 3. Nc3 Bb4 4. e3 O-O 5. Nge2 b6 6. a3 Bxc3+ 7. Nxc3 Bb7 8.
b4 d6 9. f3 Nbd7 10. e4 Nh5 11. Be3 f5 12. exf5 exf5 13. Qd2 f4 14. Bf2 c6 15.
Be2 Ndf6 16. O-O d5 17. Rfe1 g5 18. Rac1 Kh8 19. cxd5 Nxd5 20. Nxd5 cxd5 21.
Bd3 Ng7 22. Re5 Re8 23. Rce1 Rc8 24. h4 h6 25. Kh2 Qf6 26. Bb1 Kg8 27. Qd3 Kf7
28. Qh7 gxh4 29. Rf5 Qxf5 30. Bxf5 1-0

[Event "PRAGUE OPEN 2019 - A - IM open"]
[Site "Praha, Olympik hotel"]
[Date "2019.01.18"]
[Round "9"]
[White "Ludvik, Tomas"]
[Black "Jaroch, Karol"]
[Result "0-1"]
[WhiteElo "2089"]
[BlackElo "2259"]
[PlyCount "52"]
[EventDate "2019.01.11"]

1. d4 e6 2. c4 Nf6 3. Nf3 b6 4. g3 Bb7 5. Bg2 Bb4+ 6. Nbd2 O-O 7. O-O Re8 8.
Qc2 Bxd2 9. Bxd2 d6 10. Bc3 Nbd7 11. Rfe1 Be4 12. Qd2 Qc8 13. b3 Qb7 14. Bb2 d5
15. Rac1 Rac8 16. Red1 c5 17. dxc5 bxc5 18. cxd5 exd5 19. Nh4 d4 20. Re1 Bxg2
21. Nxg2 Ne4 22. Qa5 Ne5 23. Nf4 Rc6 24. Qa4 Rb8 25. b4 Rh6 26. Ba1 Nd2 0-1

[Event "PRAGUE OPEN 2019 - A - IM open"]
[Site "Praha, Olympik hotel"]
[Date "2019.01.18"]
[Round "9"]
[White "Hrdina, Robin"]
[Black "Gurack, Daniel"]
[Result "1/2-1/2"]
[WhiteElo "2268"]
[BlackElo "2068"]
[PlyCount "43"]
[EventDate "2019.01.11"]

1. Nf3 e6 2. g3 b6 3. Bg2 Bb7 4. O-O Nf6 5. d3 Be7 6. c4 O-O 7. Nc3 d6 8. b3 a6
9. Bb2 c5 10. d4 cxd4 11. Qxd4 Nbd7 12. Rfd1 Rc8 13. e4 Qc7 14. Ne1 Rfe8 15.
Nc2 Qc5 16. Qd2 Qh5 17. Nd4 Ng4 18. h3 Ngf6 19. g4 Qg6 20. Re1 Nc5 21. f3 h6
22. Rad1 1/2-1/2

[Event "PRAGUE OPEN 2019 - A - IM open"]
[Site "Praha, Olympik hotel"]
[Date "2019.01.18"]
[Round "9"]
[White "Mueller-Dehn, Christian"]
[Black "Pycha, Patrik"]
[Result "1/2-1/2"]
[WhiteElo "2167"]
[BlackElo "1998"]
[PlyCount "46"]
[EventDate "2019.01.11"]

1. d4 d5 2. c4 e6 3. Nc3 Nf6 4. cxd5 exd5 5. Bg5 c6 6. e3 Be7 7. Bd3 Nbd7 8. h3
Nf8 9. Nf3 Ne6 10. Bh4 g6 11. O-O O-O 12. Bxf6 Bxf6 13. b4 a6 14. a4 Qd6 15.
Qb3 Rd8 16. Rfd1 Be7 17. Rdb1 Ng7 18. b5 axb5 19. axb5 Rxa1 20. Rxa1 c5 21.
dxc5 Qxc5 22. Rd1 Bf6 23. Ne2 Ne6 1/2-1/2

[Event "PRAGUE OPEN 2019 - A - IM open"]
[Site "Praha, Olympik hotel"]
[Date "2019.01.18"]
[Round "9"]
[White "Laverton, Christian"]
[Black "Ochedzan, Tymon"]
[Result "0-1"]
[WhiteElo "2147"]
[BlackElo "2005"]
[PlyCount "68"]
[EventDate "2019.01.11"]

1. d4 Nf6 2. Nf3 g6 3. c4 Bg7 4. Nc3 O-O 5. Bf4 d6 6. e3 Nh5 7. Bg5 h6 8. Bh4
g5 9. Nd2 Nf6 10. Bg3 c5 11. dxc5 dxc5 12. Be2 Nc6 13. O-O Bf5 14. Nb3 Nd7 15.
Qd5 Be6 16. Qe4 Nf6 17. Qb1 b6 18. Bf3 Qc8 19. Nd2 Rd8 20. Rd1 g4 21. Be2 Bf5
22. e4 Bg6 23. Bd3 Nb4 24. Nf1 Qb7 25. f3 gxf3 26. gxf3 e6 27. a3 Nc6 28. Ne2
Nh5 29. Bf2 Ne5 30. Kg2 f5 31. Nfg3 Nxg3 32. Nxg3 Rxd3 33. Rxd3 fxe4 34. fxe4
Bxe4+ 0-1

[Event "PRAGUE OPEN 2019 - A - IM open"]
[Site "Praha, Olympik hotel"]
[Date "2019.01.18"]
[Round "9"]
[White "Ortoft, Kai"]
[Black "Vojta, Jakub"]
[Result "1/2-1/2"]
[WhiteElo "1949"]
[BlackElo "2118"]
[PlyCount "31"]
[EventDate "2019.01.11"]

1. Nf3 Nf6 2. g3 g6 3. Bg2 Bg7 4. O-O O-O 5. c4 c5 6. d4 cxd4 7. Nxd4 Nc6 8.
Nc3 a6 9. h3 Qc7 10. Bg5 Nxd4 11. Qxd4 d6 12. Rac1 Be6 13. b3 Rac8 14. Qd2 Qd7
15. Kh2 b5 16. Nd5 1/2-1/2

[Event "PRAGUE OPEN 2019 - A - IM open"]
[Site "Praha, Olympik hotel"]
[Date "2019.01.18"]
[Round "9"]
[White "Nahornyi, Ihor"]
[Black "Adamko, Peter"]
[Result "1/2-1/2"]
[WhiteElo "1900"]
[BlackElo "2109"]
[PlyCount "34"]
[EventDate "2019.01.11"]

1. e4 g6 2. d4 Bg7 3. Nc3 d6 4. f4 Nd7 5. Nf3 a6 6. Bd3 c5 7. dxc5 Nxc5 8. Be3
Nxd3+ 9. Qxd3 Nf6 10. O-O O-O 11. Rad1 Qa5 12. a3 Bd7 13. Nd4 Rac8 14. Nb3 Qh5
15. Bf2 Bb5 16. Nxb5 Qxb5 17. Nd4 Qxd3 1/2-1/2

[Event "PRAGUE OPEN 2019 - B - FIDE open"]
[Site "Praha, Olympik hotel"]
[Date "2019.01.18"]
[Round "9"]
[White "Rocks, Daniel"]
[Black "Kusak, Lubomir"]
[Result "1-0"]
[WhiteElo "2022"]
[BlackElo "1767"]
[PlyCount "75"]
[EventDate "2019.01.11"]

1. e4 d6 2. d4 Nf6 3. Nc3 g6 4. f4 Bg7 5. Nf3 O-O 6. h3 Nh5 7. Kf2 c6 8. g4 Nf6
9. Bd3 Qb6 10. Kg3 Nbd7 11. Be3 Qxb2 12. Qd2 Qb6 13. e5 Ne8 14. h4 e6 15. h5 f5
16. hxg6 hxg6 17. Ng5 dxe5 18. dxe5 Qa5 19. Qh2 Ndf6 20. Bd4 fxg4 21. exf6 Nxf6
22. Bxf6 Rxf6 23. Nce4 Rf5 24. Qh7+ Kf8 25. Raf1 e5 26. Bc4 exf4+ 27. Kh4 Qe5
28. Re1 Qd4 29. Qg8+ Ke7 30. Nf6+ Kd6 31. Rd1 Bxf6 32. Rxd4+ Bxd4 33. Rd1 Kc5
34. Rxd4 Kxd4 35. Bd3 Re5 36. Qc4+ Ke3 37. Qc3 Re8 38. Qe1+ 1-0

[Event "PRAGUE OPEN 2019 - B - FIDE open"]
[Site "Praha, Olympik hotel"]
[Date "2019.01.18"]
[Round "9"]
[White "Kochev, Igor"]
[Black "Tushar, Anand"]
[Result "0-1"]
[WhiteElo "1748"]
[BlackElo "1948"]
[PlyCount "114"]
[EventDate "2019.01.11"]

1. e4 c5 2. c3 d5 3. exd5 Qxd5 4. Nf3 Nf6 5. d4 Bg4 6. Be2 e6 7. Be3 cxd4 8.
Bxd4 Nc6 9. Bxf6 Qxd1+ 10. Bxd1 gxf6 11. Nbd2 O-O-O 12. O-O Bh6 13. Ne4 f5 14.
Nc5 Rhg8 15. Re1 Rxd1 16. Raxd1 Bxf3 17. Rd3 Bxg2 18. Rg3 Rxg3 19. hxg3 Bd5 20.
Re2 b6 21. Nb3 a5 22. f4 Bf8 23. Rh2 h6 24. Kf2 a4 25. Nc1 Na5 26. Ke2 Bg7 27.
Kd2 Nc4+ 28. Kd3 b5 29. b3 Be4+ 30. Ke2 Nd6 31. Kf1 Bxc3 32. Rxh6 Bb2 33. Ne2
axb3 34. axb3 Bc2 35. b4 Bd3 36. Kf2 Ne4+ 37. Ke1 Bxe2 38. Kxe2 Nxg3+ 39. Kf3
Ne4 40. Rh7 Bc3 41. Rxf7 Bxb4 42. Rh7 Bd6 43. Rh1 b4 44. Rb1 Nd2+ 45. Ke2 Nxb1
46. Kd1 Nc3+ 47. Kc2 Bxf4 48. Kb3 Bd6 49. Kc2 f4 50. Kd3 f3 51. Ke3 b3 52. Kxf3
b2 53. Ke3 b1=Q 54. Kf2 Qe4 55. Kf1 Qe2+ 56. Kg1 Bg3 57. Kh1 Qf1# 0-1

[Event "PRAGUE OPEN 2019 - B - FIDE open"]
[Site "Praha, Olympik hotel"]
[Date "2019.01.18"]
[Round "9"]
[White "Watarkar, Yash"]
[Black "Jaeger, Andre"]
[Result "1/2-1/2"]
[WhiteElo "1495"]
[BlackElo "1903"]
[PlyCount "38"]
[EventDate "2019.01.11"]

1. c4 g6 2. Nc3 c5 3. Nf3 Bg7 4. g3 Nc6 5. Bg2 e6 6. d3 Nge7 7. Bf4 e5 8. Bg5
h6 9. Bd2 O-O 10. O-O d6 11. Rb1 Be6 12. a3 d5 13. cxd5 Nxd5 14. Qc1 Nd4 15.
Nxd4 cxd4 16. Nxd5 Bxd5 17. Bxh6 Rc8 18. Qd2 Bxh6 19. Qxh6 Bxg2 1/2-1/2

[Event "PRAGUE OPEN 2019 - B - FIDE open"]
[Site "Praha, Olympik hotel"]
[Date "2019.01.18"]
[Round "9"]
[White "Nemec, Jachym"]
[Black "Grabarczyk, Sylwester"]
[Result "1-0"]
[WhiteElo "1638"]
[BlackElo "1834"]
[PlyCount "85"]
[EventDate "2019.01.11"]

1. e4 e5 2. Nf3 Nf6 3. Nc3 Bc5 4. Nxe5 O-O 5. d4 Qe7 6. Be2 Bb4 7. Bg5 h6 8.
Bxf6 Qxf6 9. O-O c6 10. a3 Be7 11. Qd2 d6 12. Nf3 Qg6 13. Kh1 Nd7 14. Bd3 Qh5
15. Ne2 Nb6 16. Nf4 Qg4 17. h3 Qd7 18. Rae1 c5 19. c3 c4 20. Bc2 Qb5 21. e5 Nd5
22. Nxd5 Qxd5 23. Qf4 f5 24. exf6 Bxf6 25. Be4 Qh5 26. Qxd6 Rd8 27. Qg3 g5 28.
Ne5 Be6 29. Bg6 Qh4 30. Qxh4 gxh4 31. f4 Rac8 32. Be4 Kg7 33. f5 Bg8 34. Ng4 b5
35. Rf4 Bg5 36. f6+ Kf8 37. Rff1 Rd6 38. Ne5 Bf7 39. Bg6 Bd5 40. f7 Be7 41. Bh5
Kg7 42. Bg4 Rf8 43. Nd7 1-0

[Event "PRAGUE OPEN 2019 - B - FIDE open"]
[Site "Praha, Olympik hotel"]
[Date "2019.01.18"]
[Round "9"]
[White "Finek, Vaclav"]
[Black "Eliseev, Sergey"]
[Result "1-0"]
[WhiteElo "1915"]
[BlackElo "1737"]
[PlyCount "139"]
[EventDate "2019.01.11"]

1. d4 g6 2. c4 Bg7 3. Nf3 Nf6 4. g3 d6 5. Bg2 O-O 6. O-O Nbd7 7. Nc3 e5 8. e4
exd4 9. Nxd4 Nc5 10. h3 Re8 11. Re1 a5 12. b3 a4 13. Rb1 axb3 14. axb3 Bd7 15.
Bb2 Qc8 16. Kh2 Ne6 17. Nxe6 fxe6 18. e5 dxe5 19. Ra1 Rxa1 20. Qxa1 Rf8 21. Re2
Qa8 22. Qxa8 Rxa8 23. Rd2 Be8 24. c5 c6 25. Na4 Nd7 26. h4 Kf7 27. Rc2 Bf8 28.
Bc1 Ra6 29. Be3 Nf6 30. Bd2 Nd5 31. Bf1 Ra8 32. Bc4 Bg7 33. f3 Ke7 34. Bg5+ Bf6
35. Re2 Kf7 36. Kg1 Ne7 37. Bxf6 Kxf6 38. f4 Nf5 39. fxe5+ Ke7 40. Kg2 Rd8 41.
Nc3 Rd4 42. Ne4 Bd7 43. Kf3 Kd8 44. Rd2 Rxd2 45. Nxd2 Kc7 46. Kf4 h6 47. Ne4 b5
48. cxb6+ Kxb6 49. Nf6 Bc8 50. Bd3 Ba6 51. Bxf5 gxf5 52. Ng8 h5 53. Nf6 Be2 54.
Ne8 Bd1 55. Ng7 Bxb3 56. Nxh5 c5 57. Ng7 Bd1 58. Nxe6 c4 59. Kxf5 c3 60. Nd4
Kc5 61. Ke4 Bh5 62. e6 Bg6+ 63. Ke5 Bh5 64. e7 Kb6 65. Kd6 Ka5 66. Kd7 Kb4 67.
e8=Q Bxe8+ 68. Kxe8 Kc4 69. Nc2 Kd3 70. Na3 1-0

[Event "PRAGUE OPEN 2019 - B - FIDE open"]
[Site "Praha, Olympik hotel"]
[Date "2019.01.18"]
[Round "9"]
[White "Simkin, Alexander"]
[Black "Hadzala, Daniel"]
[Result "1-0"]
[WhiteElo "1742"]
[BlackElo "2023"]
[PlyCount "75"]
[EventDate "2019.01.11"]

1. d4 Nf6 2. c4 d6 3. Nc3 Nbd7 4. Nf3 e5 5. e4 Be7 6. Be2 c6 7. O-O O-O 8. Bg5
Re8 9. Qc2 Qc7 10. Rac1 h6 11. Bd2 exd4 12. Nxd4 Bf8 13. Be3 Nc5 14. f3 a5 15.
Rfd1 Bd7 16. a3 a4 17. b4 axb3 18. Nxb3 Rxa3 19. Nxc5 dxc5 20. Qb2 Raa8 21. Rb1
Bc8 22. Rd3 Nd7 23. f4 Nb8 24. Rbd1 Na6 25. Qd2 Be7 26. f5 Nb4 27. Bf4 Qa5 28.
Rg3 Rd8 29. Qe3 Rxd1+ 30. Bxd1 Kf8 31. Bxh6 gxh6 32. Qxh6+ Ke8 33. Rg8+ Kd7 34.
f6 Bd8 35. Qd2+ Nd5 36. exd5 Bxf6 37. dxc6+ Kxc6 38. Qd5+ 1-0

[Event "PRAGUE OPEN 2019 - B - FIDE open"]
[Site "Praha, Olympik hotel"]
[Date "2019.01.18"]
[Round "9"]
[White "Kubik, Jaroslav"]
[Black "Poborsky, Josef"]
[Result "0-1"]
[WhiteElo "1739"]
[BlackElo "1885"]
[PlyCount "80"]
[EventDate "2019.01.11"]

1. c4 Nf6 2. Nc3 g6 3. Nf3 Bg7 4. d4 d6 5. e4 O-O 6. h3 Nbd7 7. Be3 e5 8. Bd3
Ne8 9. Qc2 exd4 10. Nxd4 Ne5 11. O-O-O Nc6 12. Nxc6 bxc6 13. g4 Rb8 14. Rdg1
Bb7 15. g5 d5 16. Bc5 Nd6 17. f4 dxc4 18. Be2 Re8 19. e5 Nb5 20. Rd1 Qc8 21.
Bg4 Re6 22. Rh2 Qe8 23. Bxe6 Qxe6 24. Rhd2 h6 25. Rd8+ Rxd8 26. Rxd8+ Kh7 27.
h4 Qg4 28. Qf2 a6 29. Ne4 Bc8 30. Nf6+ Bxf6 31. exf6 Nd6 32. Bxd6 cxd6 33. Rxd6
Be6 34. Rxc6 Qh3 35. Rxa6 Qh1+ 36. Kd2 Qd5+ 37. Kc2 Qd3+ 38. Kc1 Bf5 39. Rb6 c3
40. Rb3 Qb1# 0-1

[Event "PRAGUE OPEN 2019 - B - FIDE open"]
[Site "Praha, Olympik hotel"]
[Date "2019.01.18"]
[Round "9"]
[White "Nemecek St, Pavel"]
[Black "Turp, Hueseyin"]
[Result "1-0"]
[WhiteElo "1814"]
[BlackElo "1652"]
[PlyCount "125"]
[EventDate "2019.01.11"]

1. e4 c6 2. Nc3 d5 3. Nf3 Bg4 4. h3 Bh5 5. exd5 cxd5 6. Bb5+ Nc6 7. g4 Bg6 8.
Ne5 Qd6 9. d4 a6 10. Bxc6+ bxc6 11. Bf4 Qe6 12. Na4 h5 13. Nc5 Qc8 14. Nxg6
fxg6 15. Qd3 Kf7 16. gxh5 Rxh5 17. O-O-O Qf5 18. Qg3 e5 19. Be3 Bxc5 20. dxc5
d4 21. Bd2 Nf6 22. Qb3+ Kf8 23. Rhg1 Nd5 24. Rg3 Qf7 25. Rdg1 Ne7 26. Qb7 Qe8
27. Bg5 Nf5 28. Ra3 Qc8 29. Qxc8+ Rxc8 30. h4 Ra8 31. Rb3 Kf7 32. Rb6 Rc8 33.
Rxa6 Ke6 34. b4 Kd5 35. Ra7 Ke4 36. Re1+ Kd5 37. a3 Rhh8 38. Rd7+ Kc4 39. Rxe5
Kc3 40. Bd2+ Kc4 41. Re4 Rxh4 42. Rxh4 Nxh4 43. Rxg7 Rf8 44. f4 Ng2 45. Rxg6
Nxf4 46. Rxc6 d3 47. Rh6 Ne2+ 48. Kb2 dxc2 49. Rh4+ Kd3 50. Bh6 Rf1 51. Rh3+
Kc4 52. Kxc2 Nd4+ 53. Kd2 Nb3+ 54. Ke2 Ra1 55. c6 Rxa3 56. Rh4+ Nd4+ 57. Kd2
Kd5 58. c7 Ra8 59. Rh5+ Kc6 60. Rc5+ Kb7 61. Bf4 Ne6 62. Rb5+ Kc8 63. Rb8+ 1-0

[Event "PRAGUE OPEN 2019 - B - FIDE open"]
[Site "Praha, Olympik hotel"]
[Date "2019.01.18"]
[Round "9"]
[White "Shatil, Shir"]
[Black "Glienke, Michael"]
[Result "0-1"]
[WhiteElo "1512"]
[BlackElo "1780"]
[PlyCount "84"]
[EventDate "2019.01.11"]

1. d4 Nf6 2. c4 d5 3. cxd5 Nxd5 4. e4 Nb6 5. Nf3 g6 6. Nc3 Bg7 7. h3 a6 8. Be2
O-O 9. O-O Nc6 10. d5 Ne5 11. Nxe5 Bxe5 12. f4 Bg7 13. Be3 e6 14. dxe6 Bxe6 15.
Bxb6 cxb6 16. e5 Rc8 17. Bf3 Qe7 18. Qe2 Bc4 19. Qe4 Bxf1 20. Rxf1 Rc7 21. Kh2
Qe6 22. Rd1 Rc4 23. Rd4 Rfc8 24. Qe3 Rxd4 25. Qxd4 Qc4 26. Qd2 Bh6 27. g3 Bf8
28. Bxb7 Rb8 29. Qd7 Qf1 30. Bd5 Qf2+ 31. Kh1 Kg7 32. Qxf7+ Kh6 33. g4 Qf1+ 34.
Kh2 Qf2+ 35. Bg2 Bg7 36. Ne4 Rf8 37. g5+ Kh5 38. Ng3+ Kh4 39. Qxg7 Qxg3+ 40.
Kg1 Qe1+ 41. Bf1 Rxf4 42. Qxh7+ Kg3 0-1

[Event "PRAGUE OPEN 2019 - B - FIDE open"]
[Site "Praha, Olympik hotel"]
[Date "2019.01.18"]
[Round "9"]
[White "Smolik, Jachym"]
[Black "Chaloupka, Josef"]
[Result "1-0"]
[WhiteElo "1656"]
[BlackElo "1759"]
[PlyCount "65"]
[EventDate "2019.01.11"]

1. d4 Nf6 2. Nf3 e6 3. c3 h6 4. Qc2 d5 5. Bf4 Bd6 6. Ne5 O-O 7. e3 Nh5 8. Nd2
Nxf4 9. exf4 Bxe5 10. fxe5 f5 11. Bd3 b6 12. O-O-O c5 13. dxc5 bxc5 14. c4 d4
15. g4 Nc6 16. a3 Nxe5 17. gxf5 Nxd3+ 18. Qxd3 exf5 19. Rhg1 Be6 20. Rde1 Qf6
21. f4 Bd7 22. Nf3 Bc6 23. Ne5 Be4 24. Qd2 Qh4 25. Ng6 Qf6 26. Nxf8 Rxf8 27.
Rg3 Qe6 28. b3 Rb8 29. Reg1 g5 30. fxg5 h5 31. g6 Qe5 32. Qh6 d3 33. Qh7+ 1-0

[Event "PRAGUE OPEN 2019 - B - FIDE open"]
[Site "Praha, Olympik hotel"]
[Date "2019.01.18"]
[Round "9"]
[White "Donovan, Michael"]
[Black "Feierfeil, Jiri"]
[Result "1-0"]
[WhiteElo "1502"]
[BlackElo "1700"]
[PlyCount "77"]
[EventDate "2019.01.11"]

1. e4 c5 2. c3 d6 3. d4 cxd4 4. cxd4 a6 5. Nc3 g6 6. Nf3 Bg7 7. Be3 Nf6 8. h3
b5 9. Bd3 Bb7 10. O-O O-O 11. a3 Nbd7 12. Rc1 Rc8 13. Qd2 Rc7 14. Bh6 Qa8 15.
Rfe1 Rfc8 16. Bxg7 Kxg7 17. Re3 e6 18. Rce1 e5 19. Bb1 Nh5 20. dxe5 Nxe5 21.
Nxe5 dxe5 22. Qd6 f6 23. Ba2 Bc6 24. Be6 Nf4 25. Bxc8 Qxc8 26. Nd5 Bxd5 27.
exd5 Rc2 28. Qe7+ Kh6 29. Qxf6 Nxd5 30. Qh4+ Kg7 31. Rxe5 Rc1 32. Qd4 Rxe1+ 33.
Rxe1+ Nf6 34. Qe5 Qf8 35. Qe7+ Qf7 36. Qd6 Ng8 37. Qxa6 Qb3 38. Qa7+ Kh6 39.
Qe3+ 1-0

[Event "PRAGUE OPEN 2019 - B - FIDE open"]
[Site "Praha, Olympik hotel"]
[Date "2019.01.18"]
[Round "9"]
[White "Andersen, Carsten"]
[Black "Holub, Adam"]
[Result "1-0"]
[WhiteElo "1708"]
[BlackElo "1434"]
[PlyCount "61"]
[EventDate "2019.01.11"]

1. e4 c5 2. f4 d6 3. Nc3 Nc6 4. Nf3 Nf6 5. h3 g6 6. Bc4 Bg7 7. d3 O-O 8. Bd2 a6
9. a3 b5 10. Bb3 Rb8 11. Qe2 a5 12. O-O b4 13. axb4 axb4 14. Nd1 Nh5 15. Kh2
Nd4 16. Nxd4 Bxd4 17. g4 Nf6 18. Be3 Bxe3 19. Nxe3 Bb7 20. f5 Kg7 21. g5 Nd7
22. fxg6 hxg6 23. Qg4 Ne5 24. Qf4 Qd7 25. Nc4 f6 26. Nxe5 fxe5 27. Qh4 e6 28.
Qh6+ Kg8 29. Qxg6+ Qg7 30. Bxe6+ Kh8 31. Qh5+ 1-0

[Event "PRAGUE OPEN 2019 - B - FIDE open"]
[Site "Praha, Olympik hotel"]
[Date "2019.01.18"]
[Round "9"]
[White "Kosar, Milan"]
[Black "Markova, Karolina"]
[Result "0-1"]
[WhiteElo "1636"]
[BlackElo "1391"]
[PlyCount "34"]
[EventDate "2019.01.11"]

1. e4 e5 2. Nf3 Nf6 3. Nxe5 d6 4. Nf3 Nxe4 5. Nc3 d5 6. Qe2 Be7 7. Nxe4 dxe4 8.
Qxe4 O-O 9. Bd3 g6 10. O-O Nc6 11. Qe2 Bg4 12. h3 Nd4 13. Qe4 Nxf3+ 14. gxf3
Bxh3 15. Re1 Bd6 16. Bf1 Qg5+ 17. Kh1 Bf5 0-1

[Event "PRAGUE OPEN 2019 - B - FIDE open"]
[Site "Praha, Olympik hotel"]
[Date "2019.01.18"]
[Round "9"]
[White "Nemecek Ml, Pavel"]
[Black "Nguyen, Thai Dang Vi"]
[Result "0-1"]
[WhiteElo "1245"]
[BlackElo "1442"]
[PlyCount "54"]
[EventDate "2019.01.11"]

1. e4 e5 2. Bc4 Nf6 3. Nc3 Nc6 4. d3 Bc5 5. Bg5 h6 6. Bh4 g5 7. Bg3 d6 8. Qd2
Be6 9. Bb5 Bd7 10. Nge2 Qe7 11. O-O-O O-O-O 12. Na4 Bb4 13. c3 Ba5 14. f3 a6
15. Bc4 b5 16. b4 bxc4 17. bxa5 Nxa5 18. Nb2 Bb5 19. Bf2 d5 20. Qe3 Qa3 21. Kb1
cxd3 22. Nxd3 Ba4 23. Rd2 Nc4 24. Qa7 Nxd2+ 25. Ka1 Bb3 26. Nec1 Bc4 27. Nc5
Qxc3# 0-1